[Event "AUTO-MASTER-2366"]
[Site "http://www.queenalice.com/game.php?id=1385651"]
[Date "2015.9.26"]
[Round "1"]
[White "Lightbug"]
[Black "FabioSelinger"]
[Result "0-1"]
[WhiteElo "2118"]
[BlackElo "2156"]

1. d4 Nf6 2. c4 e6 3. Nf3 b6 4. g3 Bb7 5. Bg2 d5 6. cxd5 Bxd5 7. Nc3 Bb4 8. O-O
Bb7 9. a3 Be7 10. Re1 O-O 11. e4 Nbd7 12. e5 Nd5 13. Nxd5 Bxd5 14. Nd2 Bxg2 15.
Kxg2 c5 16. dxc5 Nxc5 17. Nc4 Qc7 18. b4 Rfd8 19. Qg4 Qc6+ 20. Kg1 Nd3 21. Bh6
g6 22. Red1 Rd5 23. Qe4 Rad8 24. Ne3 Nxf2 25. Nxd5 Rxd5 26. Rdc1 Qxc1+ 27. Rxc1
Nxe4 28. Rc8+ Rd8 29. Rc7 Bg5 30. Bxg5 Nxg5 31. Rxa7 Nf3+ 32. Kg2 Nxe5 33. Rb7
Rd6 34. a4 Kg7 35. a5 bxa5 0-1

[Event "AUTO-MASTER-2373"]
[Site "http://www.queenalice.com/game.php?id=1389125"]
[Date "2015.10.13"]
[Round "1"]
[White "Nico27"]
[Black "FabioSelinger"]
[Result "0-1"]
[WhiteElo "2109"]
[BlackElo "2131"]

1. d4 d5 2. e4 e6 3. Nd2 Nf6 4. Bd3 dxe4 5. Nxe4 Nxe4 6. Bxe4 Nc6 7. Nf3 Bd6 8.
O-O O-O 9. Bxh7+ Kxh7 10. Ng5+ Kg6 11. Re1 Nxd4 12. c3 Rh8 13. h3 Nf5 14. Ne4
Kh7 15. Bg5 Be7 16. Qg4 Bxg5 17. Nxg5+ Kg8 18. Rad1 Qf6 19. Ne4 Qe7 20. Rd3 b6
21. Red1 Bb7 22. Ng3 Nxg3 23. Rxg3 g6 24. Qd4 Rh5 25. c4 c5 26. Qd3 Rh4 27. Qc3
Rd8 28. Rxd8+ Qxd8 29. Qe5 Rxc4 30. Qh5 Rc1+ 31. Kh2 Qd1 32. Rxg6+ fxg6 33.
Qxg6+ Kf8 34. Qh6+ Ke8 35. Qxe6+ Kd8 36. Qf6+ Kc7 0-1

[Event "AUTO-MASTER-2373"]
[Site "http://www.queenalice.com/game.php?id=1389126"]
[Date "2015.10.13"]
[Round "1"]
[White "FabioSelinger"]
[Black "Nico27"]
[Result "1-0"]
[WhiteElo "2131"]
[BlackElo "2131"]

1. e4 c5 2. Nc3 e6 3. Nf3 Nc6 4. d4 cxd4 5. Nxd4 Nf6 6. g3 a6 7. Bg2 Be7 8. O-O
O-O 9. h3 Qc7 10. Be3 b5 11. Qd2 Bb7 12. Rac1 Rac8 13. Rfd1 Rfd8 14. Bg5 Nxd4
15. Qxd4 Bc5 16. Qd3 Qb6 17. Bxf6 Bxf2+ 18. Kh2 gxf6 19. Qe2 Be3 20. Rb1 Bd4 21.
Qd3 Be5 22. Qf3 f5 23. Qh5 Qe3 24. Rd3 Qb6 25. Rbd1 fxe4 26. Nxe4 Bxe4 27. Bxe4
Qf2+ 28. Bg2 Rxc2 29. Qg5+ Bg7 30. Qxd8+ Bf8 31. Qg5+ Bg7 32. R1d2 Rxd2 33. Rxd2
Qa7 34. Qe7 1-0

[Event "AUTO-MASTER-2373"]
[Site "http://www.queenalice.com/game.php?id=1389137"]
[Date "2015.10.13"]
[Round "1"]
[White "reycas"]
[Black "FabioSelinger"]
[Result "1-0"]
[WhiteElo "2174"]
[BlackElo "2142"]

1. e4 c5 2. Nc3 e6 3. g3 g6 4. Bg2 Bg7 5. Nge2 Ne7 6. O-O O-O 7. d4 cxd4 8. Nxd4
Nbc6 9. Nce2 a6 10. c3 Qc7 11. Be3 b6 12. Qd2 Bb7 13. Bh6 Rfd8 14. Bxg7 Kxg7 15.
f4 d5 16. e5 Rac8 17. g4 Nxd4 18. Nxd4 Nc6 19. Rae1 Nxd4 20. cxd4 Qc2 21. Re2
Qc4 22. f5 a5 23. f6+ Kf8 24. Qh6+ Ke8 25. Rd2 Qb4 26. Rfd1 Ba6 27. Qxh7 Rc7 28.
Qg8+ Qf8 29. Qh7 Rdc8 30. Bf1 Bxf1 31. Kxf1 Rc1 32. Rxc1 Rxc1+ 33. Kg2 Rc7 34.
h4 Kd8 35. h5 gxh5 36. gxh5 Kc8 37. h6 Kb7 38. Qg7 Qe8 39. h7 Rc8 40. Kf3 Qb5
41. Ke3 Qf1 42. Qxf7+ Ka6 43. Qh5 Qg1+ 44. Kf4 Qf1+ 45. Qf3 Qg1 46. Qg2 Qb1 47.
Qe2+ Ka7 48. Qd3 Qh1 49. Qg6 Rc1 50. Rg2 Qf1+ 51. Kg3 Re1 52. h8=Q Re3+ 53. Kh2
Qf4+ 54. Qg3 Rxg3 55. Rxg3 Qf2+ 56. Kh3 Qf1+ 57. Kg4 Qf5+ 58. Kh4 Qf4+ 59. Kh5
1-0

[Event "AUTO-MASTER-2373"]
[Site "http://www.queenalice.com/game.php?id=1389138"]
[Date "2015.10.13"]
[Round "1"]
[White "FabioSelinger"]
[Black "reycas"]
[Result "1/2-1/2"]
[WhiteElo "2167"]
[BlackElo "2186"]

1. e4 Nf6 2. d3 e5 3. Nc3 Bb4 4. Bd2 d6 5. Nge2 O-O 6. g3 Bg4 7. Bg2 Qd7 8. h3
Be6 9. Nd5 Nxd5 10. exd5 Bxd2+ 11. Qxd2 Bf5 12. O-O-O a5 13. g4 Bg6 14. f4 f6
15. f5 Bf7 16. Be4 b5 17. g5 Bh5 18. Rdg1 Bxe2 19. Qxe2 c5 20. dxc6 Nxc6 21. Qg2
Rac8 22. Bd5+ Kh8 23. Be6 Qc7 24. gxf6 gxf6 25. Bxc8 Rxc8 26. Rh2 Nd4 27. Qf2 b4
28. Rhg2 Qd7 29. Qh4 Qxf5 30. Rf2 Nf3 31. Qg4 Qxg4 32. Rxg4 f5 33. Rgg2 e4 34.
dxe4 fxe4 35. Rg4 d5 36. Kd1 h5 37. Rf4 h4 38. R2xf3 exf3 39. Rxh4+ Kg7 40. Rf4
Rh8 41. Rxf3 Kg6 42. Kd2 Rh4 43. Kd3 Kg5 44. Rg3+ Kf5 45. Ke3 a4 46. Rf3+ Ke5
47. Kd3 Rh8 48. Rg3 Rh4 49. Rf3 1/2-1/2

[Event "AUTO-MASTER-2373"]
[Site "http://www.queenalice.com/game.php?id=1389145"]
[Date "2015.10.13"]
[Round "1"]
[White "FabioSelinger"]
[Black "ratorei"]
[Result "1-0"]
[WhiteElo "2174"]
[BlackElo "2061"]

1. e4 e6 2. d4 d5 3. exd5 exd5 4. c4 Nf6 5. Nc3 Bb4 6. Nf3 Ne4 7. Qc2 c6 8. Be2
O-O 9. O-O f5 10. a3 Bd6 11. cxd5 Nxc3 12. bxc3 cxd5 13. c4 dxc4 14. Qxc4+ Kh8
15. Ng5 Qe7 16. Be3 Nc6 17. Nf3 Bd7 18. a4 Rac8 19. Qb3 Na5 20. Qb2 Bb4 21. Rac1
Bxa4 22. Ne5 Ba3 23. Bg5 Qd6 24. Rxc8 Bxb2 25. Nf7+ Kg8 26. Nxd6 Rxc8 27. Nxc8
Bxd4 28. Ne7+ Kf7 29. Nxf5 1-0

[Event "AUTO-MASTER-2373"]
[Site "http://www.queenalice.com/game.php?id=1389146"]
[Date "2015.10.13"]
[Round "1"]
[White "ratorei"]
[Black "FabioSelinger"]
[Result "0-1"]
[WhiteElo "2073"]
[BlackElo "2165"]

1. Nf3 d5 2. g3 b6 3. Bg2 Bb7 4. O-O Nf6 5. d3 e6 6. Bg5 Be7 7. Nbd2 Nbd7 8. Nd4
c5 9. Nb5 a6 10. Nc3 O-O 11. e4 Qc7 12. Re1 d4 13. Ne2 h6 14. Bxf6 Nxf6 15. h3
Rac8 16. Nf4 e5 17. Nh5 Nh7 18. g4 b5 19. Rf1 c4 20. dxc4 bxc4 21. f4 exf4 22.
Nxf4 c3 23. bxc3 dxc3 24. Nb3 Nf6 25. Qe2 Rfe8 26. Rae1 Bxe4 27. Bxe4 Nxe4 28.
Qxe4 Bc5+ 29. Nxc5 Qxc5+ 0-1

[Event "AUTO-MASTER-2374"]
[Site "http://www.queenalice.com/game.php?id=1389361"]
[Date "2015.10.15"]
[Round "1"]
[White "FabioSelinger"]
[Black "franz_ferdinand"]
[Result "0-1"]
[WhiteElo "2168"]
[BlackElo "2101"]

1. e4 e5 2. Nf3 Nc6 3. Bc4 Bc5 4. b4 Bxb4 5. c3 Bd6 6. O-O Nf6 7. d4 O-O 8. Bg5
h6 9. Bh4 Rb8 10. Nbd2 b6 11. Qc2 Qe7 12. h3 b5 13. Bd3 b4 14. d5 bxc3 15. dxc6
cxd2 16. cxd7 Bxd7 17. Nxd2 g5 18. Bg3 Nh5 19. Rab1 Nf4 20. Bxf4 gxf4 21. Nf3
Kh7 22. Kh2 Bc5 23. Rxb8 Rxb8 24. Nh4 Bb6 25. Nf5 Bxf5 26. exf5 f6 27. Rd1 Rd8
28. Qe2 Qg7 29. Rc1 c5 30. Bc4 Rd4 31. Be6 Qg5 32. Rg1 e4 33. g3 fxg3+ 34. Kh1
Rd2 35. Qg4 Qxg4 36. hxg4 gxf2 37. Rf1 e3 0-1

[Event "AUTO-MASTER-2374"]
[Site "http://www.queenalice.com/game.php?id=1389362"]
[Date "2015.10.15"]
[Round "1"]
[White "franz_ferdinand"]
[Black "FabioSelinger"]
[Result "1-0"]
[WhiteElo "2059"]
[BlackElo "2183"]

1. e4 e6 2. d4 d5 3. Nc3 Nf6 4. Bg5 Be7 5. e5 Nfd7 6. h4 h6 7. Be3 c5 8. Qg4 Kf8
9. Nf3 Nc6 10. O-O-O cxd4 11. Bxd4 Nxd4 12. Rxd4 Qc7 13. Qg3 a6 14. Rg4 g6 15.
Qf4 Kg7 16. Bd3 b6 17. Rh3 Bb7 18. Rhg3 h5 19. Rxg6+ Kf8 20. Ng5 Nxe5 21. Nxe6+
1-0

[Event "AUTO-MASTER-2374"]
[Site "http://www.queenalice.com/game.php?id=1389363"]
[Date "2015.10.15"]
[Round "1"]
[White "FabioSelinger"]
[Black "serrato987"]
[Result "0-1"]
[WhiteElo "2128"]
[BlackElo "2097"]

1. e4 e5 2. Nf3 Nc6 3. Bc4 Be7 4. O-O Nf6 5. d3 O-O 6. c3 d6 7. h3 Na5 8. Bb5 c5
9. Be3 a6 10. Ba4 b5 11. Bc2 Nc6 12. Nbd2 Nd7 13. Nh2 Bf6 14. f4 exf4 15. Bxf4
Be5 16. Be3 Qh4 17. Ndf3 Qg3 18. Bf2 Qg6 19. Nxe5 Ndxe5 20. d4 Bxh3 21. g3 cxd4
22. cxd4 Bxf1 23. dxe5 Bh3 24. exd6 Ne5 25. b3 Rad8 26. Nf3 Rxd6 27. Qe2 Qg4 28.
Nd4 Qxe2 29. Nxe2 Nf3+ 30. Kh1 Rd2 31. Bd1 Rfd8 0-1

[Event "AUTO-MASTER-2374"]
[Site "http://www.queenalice.com/game.php?id=1389364"]
[Date "2015.10.15"]
[Round "1"]
[White "serrato987"]
[Black "FabioSelinger"]
[Result "1-0"]
[WhiteElo "2059"]
[BlackElo "2142"]

1. e4 c5 2. Nf3 Nc6 3. d4 cxd4 4. Nxd4 e5 5. Ne2 Nf6 6. Nbc3 Bb4 7. a3 Ba5 8. b4
Bb6 9. g3 Nd4 10. Bg2 d6 11. Be3 Nxe2 12. Qxe2 Qc7 13. Qd3 Bxe3 14. Qxe3 b6 15.
O-O Bb7 16. Rfd1 Rc8 17. Nb5 Qc6 18. Nxd6+ Ke7 19. Qb3 Rhf8 20. Nf5+ Ke8 21.
Nxg7+ Ke7 22. Nf5+ Ke8 23. Rd6 Qxc2 24. Qxc2 Rxc2 25. Rxf6 Bc8 26. Rd6 f6 27.
Bf3 Bxf5 28. exf5 Ke7 29. Rad1 Rc7 30. Bh5 Rfc8 31. Re6+ Kf8 32. Rxf6+ Kg7 33.
Rfd6 Rc1 34. Rxc1 Rxc1+ 35. Kg2 Rc7 36. Re6 h6 37. f6+ 1-0

[Event "AUTO-MASTER-2374"]
[Site "http://www.queenalice.com/game.php?id=1389365"]
[Date "2015.10.15"]
[Round "1"]
[White "FabioSelinger"]
[Black "leduar"]
[Result "0-1"]
[WhiteElo "2154"]
[BlackElo "2163"]

1. e4 e5 2. Nf3 Nc6 3. Bc4 Bc5 4. b4 Bxb4 5. c3 Be7 6. O-O Nf6 7. Re1 O-O 8. d4
exd4 9. cxd4 d5 10. exd5 Nxd5 11. Bxd5 Qxd5 12. Nc3 Qd8 13. d5 Nb4 14. a3 Na6
15. Bb2 Bf6 16. Qc2 Bg4 17. Ne5 Bxe5 18. Rxe5 f6 19. Re3 Qd7 20. Rae1 Rfe8 21.
h3 Bh5 22. Rxe8+ Rxe8 23. Rxe8+ Qxe8 24. Nd1 Qe1+ 25. Kh2 Qxd1 26. Qe4 Qe2 27.
Qd4 Qe5+ 28. Qxe5 fxe5 29. Bxe5 c5 30. dxc6 bxc6 31. Bd6 Kf7 32. Kg3 Ke6 33. Bf8
Kf7 34. Bd6 Be2 35. Kf4 c5 36. Ke3 Bf1 37. Kf3 c4 38. h4 c3 39. Ke3 Ke6 40. Bf8
Kf7 41. Bd6 Bc4 42. Kd4 c2 43. Bf4 Ba2 44. Kc3 Bb1 45. Kb2 Nc5 46. Be3 Nd3+ 47.
Ka1 Nxf2 48. Kb2 Nd1+ 0-1

[Event "AUTO-MASTER-2374"]
[Site "http://www.queenalice.com/game.php?id=1389366"]
[Date "2015.10.15"]
[Round "1"]
[White "leduar"]
[Black "FabioSelinger"]
[Result "1-0"]
[WhiteElo "2150"]
[BlackElo "2143"]

1. e4 c5 2. Nf3 Nc6 3. d4 cxd4 4. Nxd4 e5 5. Nb5 d6 6. N1c3 a6 7. Na3 b5 8. Nd5
Nf6 9. Bg5 Be7 10. Bxf6 Bxf6 11. c3 g6 12. Bxb5 axb5 13. Nxb5 O-O 14. Ndc7 Rb8
15. a4 Be6 16. O-O Bc4 17. Re1 Bxb5 18. Nxb5 Ne7 19. c4 Nc6 20. b3 Nd4 21. Qd3
Nxb5 22. cxb5 Qa5 23. Qxd6 Bg7 24. b4 Qa7 25. Rec1 Rfd8 26. Qc5 Qd7 27. Qc6 Qd4
28. Qc4 Bf8 29. Rab1 Qd2 30. a5 Rd4 31. Qc7 Rxb5 32. a6 Rbxb4 33. g3 Rxb1 34.
Rxb1 Rxe4 35. Qb7 Re1+ 36. Rxe1 Qxe1+ 37. Kg2 Kg7 38. a7 Bc5 39. a8=Q Qxf2+ 40.
Kh3 Qf1+ 41. Qg2 Qf5+ 42. g4 Qg5 43. Qgf3 Bd4 44. Qe8 Qf4 45. Qxf4 exf4 46. g5
Bb2 47. Kg4 Ba1 48. Kxf4 Bb2 49. h4 Bc3 50. h5 gxh5 51. Qe2 h4 52. Qh5 Bb2 53.
Qxh4 Bc3 54. Ke4 Bb2 55. Kd5 Bc3 56. Kd6 Bb2 57. Ke7 Ba3+ 58. Ke8 1-0

[Event "AUTO-MASTER-2268"]
[Site "http://www.queenalice.com/game.php?id=1396088"]
[Date "2015.11.26"]
[Round "2"]
[White "FabioSelinger"]
[Black "maxchessbr"]
[Result "1/2-1/2"]
[WhiteElo "2115"]
[BlackElo "2344"]

1. e4 c5 2. Nc3 e6 3. g3 b6 4. Bg2 Bb7 5. d3 a6 6. Be3 d6 7. Qd2 Qc7 8. Nge2 g6
9. O-O Bg7 10. Rad1 Ne7 11. Bh6 O-O 12. Bxg7 Kxg7 13. f4 Nd7 14. f5 exf5 15.
exf5 Bxg2 16. Kxg2 Nf6 17. fxg6 fxg6 18. Nf4 Qd7 19. Rde1 Rf7 20. Ne6+ Kg8 21.
h3 Re8 22. Ng5 Rff8 23. Ne6 Rf7 24. Ng5 Rff8 25. Ne6 Rf7 1/2-1/2

[Event "AUTO-MASTER-2268"]
[Site "http://www.queenalice.com/game.php?id=1396089"]
[Date "2015.11.26"]
[Round "2"]
[White "maxchessbr"]
[Black "FabioSelinger"]
[Result "1-0"]
[WhiteElo "2340"]
[BlackElo "2122"]

1. e4 c5 2. Nf3 Nc6 3. d4 cxd4 4. Nxd4 e5 5. Nb5 d6 6. N1c3 a6 7. Na3 b5 8. Nd5
Nf6 9. Bg5 Be7 10. Bxf6 Bxf6 11. c3 g6 12. Nc2 O-O 13. a4 bxa4 14. Rxa4 a5 15.
Nce3 Bg7 16. Bd3 Be6 17. Bc4 Kh8 18. O-O f5 19. exf5 gxf5 20. Qh5 f4 21. Bd3 Bh6
22. Qxh6 Ra7 23. Qxe6 fxe3 24. Nxe3 Rg7 25. Qh6 d5 26. Qxc6 d4 27. cxd4 exd4 28.
Nf5 Rg6 29. Qe4 Rgf6 30. Rxd4 Qc7 31. Rc4 1-0

[Event "AUTO-MASTER-2268"]
[Site "http://www.queenalice.com/game.php?id=1396090"]
[Date "2015.11.26"]
[Round "2"]
[White "FabioSelinger"]
[Black "toomchess"]
[Result "0-1"]
[WhiteElo "2105"]
[BlackElo "2157"]

1. e4 d5 2. exd5 Qxd5 3. d4 Nc6 4. Nf3 Bg4 5. Be2 e6 6. c4 Bb4+ 7. Nc3 Bxc3+ 8.
bxc3 Qa5 9. Bd2 Nf6 10. O-O O-O 11. h3 Bh5 12. a4 Rfe8 13. c5 Ne4 14. g4 Bg6 15.
Bd3 Nxd2 16. Qxd2 Rad8 17. Bxg6 hxg6 18. Qf4 Qxc3 19. Ng5 Rd7 20. d5 exd5 21.
Rac1 Qf6 22. Qd2 Ne5 23. f4 Nc6 24. Rce1 Red8 25. Rf2 Qd4 26. Qc2 Nb4 27. Qe2
Rf8 28. Rd1 Qxc5 29. Kh2 d4 30. Rf3 Nd5 31. Qd3 Rfd8 32. f5 gxf5 33. Rxf5 g6 34.
Rf2 Ne3 35. Nxf7 Rxf7 36. Qxg6+ Rg7 37. Qe6+ Kh7 38. Qe4+ Kh8 39. Rdd2 Qd6+ 40.
Kh1 Qg3 41. Rxd4 Rdg8 42. Rdd2 c6 43. Qd4 Nd5 44. Rf5 Re8 45. Rf1 Kg8 46. Rd3
Re3 0-1

[Event "AUTO-MASTER-2268"]
[Site "http://www.queenalice.com/game.php?id=1396091"]
[Date "2015.11.26"]
[Round "2"]
[White "toomchess"]
[Black "FabioSelinger"]
[Result "1-0"]
[WhiteElo "2112"]
[BlackElo "2117"]

1. e4 c5 2. d4 cxd4 3. c3 dxc3 4. Nxc3 Nc6 5. Bc4 e6 6. Nf3 Bb4 7. O-O Nge7 8.
Bg5 O-O 9. Qd2 Qc7 10. Rac1 Ng6 11. a3 Bd6 12. Nb5 Bxh2+ 13. Nxh2 Qb6 14. Be3
Qd8 15. Nd6 Nce5 16. f4 Nxc4 17. Rxc4 b6 18. f5 Ne5 19. Rc3 Ba6 20. Rf4 f6 21.
b4 Rb8 22. Nf3 Nxf3+ 23. Rxf3 e5 24. b5 Bb7 25. Nxb7 Rxb7 26. Qd5+ 1-0

[Event "AUTO-MASTER-2373"]
[Site "http://www.queenalice.com/game.php?id=1411278"]
[Date "2016.2.26"]
[Round "2"]
[White "RDario"]
[Black "FabioSelinger"]
[Result "1-0"]
[WhiteElo "1936"]
[BlackElo "2060"]

1. d4 d5 2. Nf3 Nf6 3. Bf4 e6 4. Nbd2 Bd6 5. Ne5 O-O 6. e3 Nbd7 7. Qf3 b6 8. Bd3
c5 9. c3 Bb7 10. Qh3 Ne4 11. f3 Nxd2 12. Kxd2 Nxe5 13. dxe5 f5 14. exd6 g5 15.
Be5 d4 16. g4 fxg4 17. Qxg4 Bxf3 18. Qh3 h5 19. Rhg1 dxe3+ 20. Kxe3 g4 21. Qxh5
1-0

[Event "AUTO-MASTER-2373"]
[Site "http://www.queenalice.com/game.php?id=1411279"]
[Date "2016.2.26"]
[Round "2"]
[White "FabioSelinger"]
[Black "RDario"]
[Result "0-1"]
[WhiteElo "2026"]
[BlackElo "1881"]

1. e4 d6 2. d4 h6 3. c4 Nd7 4. Nc3 g5 5. Bd3 Bg7 6. Nge2 e5 7. d5 Ne7 8. Be3 Ng6
9. Qd2 Nf6 10. h3 Nh5 11. g3 Nf6 12. O-O-O a6 13. f4 Bd7 14. fxg5 hxg5 15. Bxg5
Rxh3 16. Rxh3 Bxh3 17. Rh1 Bg4 18. Rh7 Bh8 19. Bh4 Qe7 20. Qg5 Bxe2 21. Rxh8+
Nxh8 22. Qg7 Qf8 23. Qxf6 Bxd3 24. b3 Ng6 25. Kd2 Nxh4 26. gxh4 Bf1 27. Qxf1
Qh6+ 28. Kd3 Qxh4 29. Qf5 Qe7 30. Qg4 c6 31. a4 Kd8 32. a5 Kc7 33. Qg1 c5 34. b4
Rh8 35. bxc5 Rh3+ 36. Kc2 dxc5 37. Qg4 Qh4 38. Qf5 Rh2+ 39. Kb3 Qf4 40. d6+ Kxd6
41. Qc8 Qd2 42. Qd8+ Ke6 43. Qe8+ Kf6 44. Nd5+ Kg5 45. Qg8+ Kh4 46. Qh7+ Kg3 47.
Qg7+ Kh3 48. Qh7+ Kg2 49. Qxf7 Qd3+ 50. Nc3 Kh1 51. Ka4 Qc2+ 0-1

[Event "AUTO-MASTER-2373"]
[Site "http://www.queenalice.com/game.php?id=1411282"]
[Date "2016.2.26"]
[Round "2"]
[White "dadge"]
[Black "FabioSelinger"]
[Result "1-0"]
[WhiteElo "2079"]
[BlackElo "2093"]

1. e4 e6 2. d4 d5 3. e5 c5 4. c3 Nc6 5. Nf3 Qb6 6. Be2 Nh6 7. O-O Nf5 8. g4 Nfe7
9. b3 cxd4 10. cxd4 Bd7 11. Nc3 Ng6 12. Be3 Bb4 13. Na4 Qd8 14. a3 Be7 15. b4 b6
16. Rc1 Nh4 17. Nxh4 Bxh4 18. Nc3 a6 19. f4 O-O 20. Bd3 f5 21. gxf5 exf5 22.
Nxd5 Ne7 23. Nxe7+ Qxe7 24. d5 Qf7 25. Qf3 Bb5 26. Bxb6 Qg6+ 27. Kh1 Qxb6 28.
Rc5 Bxd3 29. Qxd3 a5 30. Rc6 Qb7 31. b5 a4 32. Rfc1 Rab8 33. b6 Bd8 34. Rb1 Qd7
35. Qc4 Kh8 36. e6 Qb7 37. Qc5 Be7 38. Qd4 Rfd8 39. Rd1 h6 40. h3 Bd6 41. Kh2
Qa6 42. Rg1 Qb5 43. Qxg7# 1-0

[Event "AUTO-MASTER-2373"]
[Site "http://www.queenalice.com/game.php?id=1411283"]
[Date "2016.2.26"]
[Round "2"]
[White "FabioSelinger"]
[Black "dadge"]
[Result "0-1"]
[WhiteElo "2076"]
[BlackElo "2068"]

1. e4 c5 2. Nc3 d6 3. Nf3 Nc6 4. d4 cxd4 5. Nxd4 a6 6. Be2 Nf6 7. f3 e5 8. Nb3
Be7 9. Be3 O-O 10. Qd2 Be6 11. O-O-O b5 12. g4 Na5 13. g5 Nh5 14. h4 g6 15. f4
exf4 16. Bxf4 Nc4 17. Bxc4 bxc4 18. Nd4 Qb6 19. Nxe6 fxe6 20. Bxd6 Bxd6 21. Qxd6
Qxd6 22. Rxd6 Nf4 23. Rc6 Rfe8 24. Rxc4 Rac8 25. Rxc8 Rxc8 26. Rf1 Rf8 27. Kd2
Rd8+ 28. Ke3 e5 29. Nd5 Nxd5+ 30. exd5 Rxd5 31. Rf2 Rd4 32. Rh2 Kf7 33. c3 Rg4
34. b3 Ke6 35. c4 Kd6 36. Kd3 a5 37. a3 Kc5 38. Rh3 Rf4 39. Kc3 Rg4 40. b4+
axb4+ 41. axb4+ Kc6 42. h5 Rxg5 43. hxg6 hxg6 44. Kd3 Rg4 45. Rf3 e4+ 0-1

[Event "AUTO-MASTER-2359"]
[Site "http://www.queenalice.com/game.php?id=1415623"]
[Date "2016.3.29"]
[Round "2"]
[White "FabioSelinger"]
[Black "Meckerkopp"]
[Result "1-0"]
[WhiteElo "2004"]
[BlackElo "1968"]

1. e4 e5 2. Nf3 Bc5 3. Nc3 d6 4. d3 h6 5. Be2 Nc6 6. O-O Be6 7. Na4 Bb6 8. Nxb6
cxb6 9. b3 Nf6 10. Bb2 Rc8 11. d4 exd4 12. Nxd4 Nxd4 13. Qxd4 Rxc2 14. Bb5+ Bd7
15. Bxd7+ Qxd7 16. e5 dxe5 17. Qxe5+ Qe6 18. Qb8+ Qc8 19. Rfe1+ Kf8 20. Ba3+ Kg8
21. Qxa7 Rc6 22. Rac1 Nd7 23. Qa4 Nf6 24. Rxc6 bxc6 25. Qa7 Nd5 26. Bb2 f6 27.
a4 Kh7 28. h4 Rd8 29. Qf7 Qg4 30. h5 Nf4 31. g3 Nxh5 32. Qc7 Rd1 33. Qe7 Nxg3
34. fxg3 Qxg3+ 35. Kf1 Qd3+ 36. Qe2 Qh3+ 37. Kg1 Rxe1+ 38. Qxe1 Qf5 39. Qf2
Qxf2+ 40. Kxf2 Kg6 41. b4 Kf5 42. a5 Ke6 43. a6 1-0

[Event "AUTO-MASTER-2359"]
[Site "http://www.queenalice.com/game.php?id=1415624"]
[Date "2016.3.29"]
[Round "2"]
[White "Meckerkopp"]
[Black "FabioSelinger"]
[Result "1-0"]
[WhiteElo "1953"]
[BlackElo "2019"]

1. e4 e6 2. d4 d5 3. e5 c5 4. Nf3 Nc6 5. Be3 cxd4 6. Bxd4 Nxd4 7. Qxd4 Ne7 8.
Bb5+ Bd7 9. Qa4 a6 10. Bxd7+ Qxd7 11. Qxd7+ Kxd7 12. a3 Nf5 13. c3 Be7 14. Nd4
g6 15. Nxf5 gxf5 16. Nd2 f6 17. Nf3 fxe5 18. Nxe5+ Kd6 19. Nf7+ Kc6 20. Nxh8
Rxh8 21. O-O h5 22. f4 Bc5+ 23. Kh1 Rg8 24. Rf3 h4 25. Rh3 Rg4 26. g3 hxg3 27.
hxg3 a5 28. b4 axb4 29. axb4 Bf2 30. Kg2 Be3 31. Kf3 Bd2 32. Ra3 Rg6 33. Rh1 d4
34. cxd4 Bxb4 35. Rc1+ Kd5 36. Ra4 Bd2 37. Rc5+ Kd6 38. Ra1 Rg7 39. Ke2 Rxg3 40.
Kxd2 Rg2+ 41. Ke3 Rg3+ 42. Kf2 Rd3 43. Ra4 b6 44. Re5 Rb3 45. Ra8 Rb4 46. Kg3
Ke7 47. d5 Rb3+ 48. Kh4 1-0

[Event "AUTO-MASTER-2359"]
[Site "http://www.queenalice.com/game.php?id=1415625"]
[Date "2016.3.29"]
[Round "2"]
[White "FabioSelinger"]
[Black "capaputi"]
[Result "0-1"]
[WhiteElo "2039"]
[BlackElo "2261"]

1. e4 c5 2. Nc3 Nc6 3. g3 Nf6 4. Bg2 d6 5. d3 g6 6. h3 Bg7 7. Be3 Bd7 8. Qd2 Rb8
9. Bh6 O-O 10. h4 Nd4 11. Bxg7 Kxg7 12. h5 e6 13. hxg6 fxg6 14. Qh6+ Kg8 15. e5
dxe5 16. Ne4 Rf7 17. O-O-O Nxe4 18. Bxe4 Nf5 19. Bxf5 exf5 20. Nf3 Qf6 21. Rde1
Bc6 22. Nxe5 Re7 23. Nxc6 Rxe1+ 24. Rxe1 bxc6 25. c3 Rd8 26. Kc2 Qd6 27. Qe3 Kf7
28. Rh1 Kg8 29. Rh4 h5 30. Rc4 Rd7 31. f4 Kf7 32. Rxc5 Re7 33. Re5 Rxe5 34. Qxe5
Qxe5 35. fxe5 f4 36. Kd2 fxg3 37. Ke3 h4 38. Kf3 Ke6 39. d4 g5 40. b4 g4+ 41.
Kg2 Kf5 42. a4 Kf4 43. e6 h3+ 44. Kf1 g2+ 45. Kf2 g3+ 46. Kg1 Kf3 0-1

[Event "AUTO-MASTER-2359"]
[Site "http://www.queenalice.com/game.php?id=1415626"]
[Date "2016.3.29"]
[Round "2"]
[White "capaputi"]
[Black "FabioSelinger"]
[Result "1-0"]
[WhiteElo "2276"]
[BlackElo "2032"]

1. d4 Nf6 2. Nc3 e6 3. e4 d5 4. e5 Nfd7 5. f4 c5 6. Nf3 Nc6 7. Bd3 cxd4 8. Ne2
Qb6 9. a3 Be7 10. O-O Nc5 11. Kh1 Nxd3 12. Qxd3 Bd7 13. Nexd4 Nxd4 14. Nxd4 O-O
15. f5 exf5 16. Nxf5 Bxf5 17. Rxf5 Qe6 18. Bd2 Rad8 19. Raf1 Rc8 20. c3 Rc4 21.
Qg3 Re4 22. Be3 Bd6 23. Bd4 Be7 24. h3 Bh4 25. Qd3 a6 26. g3 Be7 27. Kg2 g6 28.
R5f3 h5 29. Qd2 Kh7 30. R1f2 b5 31. Qd3 Kg7 32. Qf1 Kg8 33. b4 Kg7 34. Rf6 Bxf6
35. Rxf6 Qe7 36. Rxa6 Qg5 37. Qf6+ Qxf6 38. exf6+ Kg8 39. Rb6 Ra8 40. Rxb5 Rxa3
41. Rxd5 Re2+ 42. Kf3 Raa2 43. Rd8+ Kh7 44. Rf8 g5 45. Rxf7+ Kg8 46. Rg7+ Kf8
47. Rxg5 h4 48. gxh4 Rh2 49. Rg3 Rac2 50. h5 Rh1 51. h6 Rch2 52. Kg4 Kg8 53. f7+
1-0